00731pab a2200145 454500008004000000100002200040245004200062260000900104300001300113362000800126520040600134650001000540650002400550773001100574180718b2003 xxu||||| |||| 00| 0 eng d aBhattacharyya, B. aPerspectives on India's foreign trade c2003 ap.54-57. aJan a2002 is a critical year for India's foreign trade. This is the first year of the new EXIM policies for the five year period 2002-2007. This policy is coterminus with the 10th Five Year Plan which recognises the accelaration in the growth rate cannot take place without tapping into the opportunities offered by the international economy in terms of markets, investment and technologies. - Reproduced. aTrade aInternational trade aYojana